| 000 | 00937cam a22002533a 4500 | ||
|---|---|---|---|
| 001 | 30323 | ||
| 003 | PGUSA | ||
| 005 | 20140828083644.0 | ||
| 008 | 091024s2009||||xxu|||||s|||||000 | eng d | ||
| 040 |
_aPGUSA _beng |
||
| 042 | _adc | ||
| 050 | 4 | _aBR | |
| 100 | 1 |
_aHayward, John, _d1781-1869 |
|
| 245 | 1 | 4 |
_aThe Book of Religions : _bComprising the Views, Creeds, Sentiments, or Opinions, of All the Principal Religious Sects in the World, Particularly of All Christian Denominations in Europe and America, to Which are Added Church and Missionary Statistics, Together With Biographical Sketches _h[electronic resource] / _cJohn Hayward |
| 260 |
_bProject Gutenberg, _c2009 |
||
| 506 | _aPublic domain in the USA. | ||
| 516 | _aElectronic text | ||
| 653 | _aSects | ||
| 653 | _aReligions | ||
| 653 | _aChristian biography | ||
| 830 | 0 |
_aProject Gutenberg _v30323 |
|
| 856 | 4 | 0 | _uhttp://www.gutenberg.org/ebooks/30323 |
| 942 | _cEB | ||
| 999 |
_c259578 _d259578 |
||